005480000a2200157000450024500760000024600960007604100130017270000210018570000300020670000250023670000250026170000230028670000250030910000210033477300350035510aNew and noteworthy records from the east slope of the Andes of Colombia3 aNuevos y significativos registros de aves de la Vertiente Oriental de los Andes colombianos0 aInglés1 aStiles , F. Gary1 aBohórguez, Clara Isabel1 aAlvarez R., Mauricio1 aUmaña, Ana María1 aDonegan, Thomas M.1 aCuervo , Andrés M.1 aSalaman, Paul G.1 tCaldasiah1q157-189d2002g24